Cities in the UK by their cathedrals - Statistics

General Stats
  • This quiz has been taken 168 times
  • The average score is 14 of 24
Answer Stats
Picture Answer % Correct
York
87%
Lincoln
86%
Canterbury
84%
Coventry
77%
Winchester
75%
Ely
74%
Exeter
73%
Gloucester
73%
Worcester
67%
Chester
64%
Truro
64%
Peterborough
63%
St Davids and the Cathedral close
63%
Hereford
60%
Glasgow
57%
Ripon
56%
Cardiff/ Llandaff
55%
St Albans
50%
Chichester
49%
Bradford
43%
Inverness
31%
Bangor
29%
Newport
27%
Armagh
23%
No matching quizzes found
Score Distribution
Percent of People with Each Score
Percentile by Number Answered
Your Score History
You have not taken this quiz